Víťazstvá a boje prvej cirkvi 2. časť

Bibliographic Details
Main Authors: Šesták, Adrián (Author), Bočkay, Martin (Author)
Format: Article
Language:Slovak
ISSN:1336-7331
Subjects:

MARC

LEADER 00000nab a2200000 ar4500
001 vtls008998292
003 SK-MaSNL
005 20260303065838.0
008 070516c2007 xo qr|p|||||||000 b|slo
015 |a SNBRB2007/06 
038 |a SNKBUCL 
040 |a SNKBUCL  |b slo  |e AACR2  |c SNKBUCL 
041 0 |a slo 
044 |a xo  |c SK 
080 |a 26/28  |2 1997 
100 1 |a Šesták, Adrián  |4 aut  |9 1049498 
245 1 0 |a Víťazstvá a boje prvej cirkvi  |n 2. časť  |c Adrián Šesták, Martin Bočkay 
650 0 7 |a cirkev  |x dejiny  |2 snkbucl  |9 76057 
650 0 7 |a duchovné konflikty  |2 snkbucl  |9 1064721 
700 1 |a Bočkay, Martin  |4 aut  |9 1033003 
773 0 |t Logos  |g Roč. IV, č. 6 (2007), s. 27-29  |x 1336-7331 
852 |a SNK  |b KIS3GCP 
958 |a SK 
958 |a NT 
999 |c 1752972  |d 1754902